Movie Links #3 - Statistics

General Stats
  • This quiz has been taken 10 times
  • The average score is 12 of 20
Answer Stats
Hint Answer % Correct
Thor - The Silence of the Lambs Anthony Hopkins
89%
The Matrix - John Wick Keanu Reeves
89%
The Departed - The Wolf of Wall Street Leonardo DiCaprio
89%
Face/Off - Grease John Travolta
78%
Tropic Thunder - Sherlock Holmes: A Game of Shadows Robert Downey Jr.
78%
Toy Story - Saving Private Ryan Tom Hanks
78%
Pearl Harbor - Gone Girl Ben Affleck
67%
Se7en - The Bucket List Morgan Freeman
67%
X-Men Origins: Wolverine - Deadpool Ryan Reynolds
67%
RED - Sin City Bruce Willis
56%
The Big Short - The Dark Knight Christian Bale
56%
Harry Potter and the Goblet of Fire - Die Hard Alan Rickman
44%
The Fate of the Furious - Atomic Blonde Charlize Theron
44%
Wonder Woman (2017) - Star Trek (2009) Chris Pine
44%
X-Men - The Lord of the Rings: The Return of the King (2003) Ian McKellen
44%
X-Men: Days of Future Past - American Hustle Jennifer Lawrence
44%
A Million Ways to Die in the West - Mamma Mia! Amanda Seyfried
33%
Harry Potter and the Philosopher's Stone - This Is the End Emma Watson
33%
The Hunger Games: Mockingjay - Part 2 - Now You See Me 2 Woody Harrelson
33%
Guardians of the Galaxy Vol. 2 - Jumanji: The Next Level Karen Gillan
22%
No matching quizzes found
Score Distribution
Percent of People with Each Score
Percentile by Number Answered
Your Score History
You have not taken this quiz